00526nam a2200157 a 450000100100000000500170001000800410002702000150006804000250008308200160010810000260012424501010015026000600025130000270031150400300033800002830920200930031528.0110407s1980 dr a r 000 0 spa d a8449937906 aDO-SdBNPbspacBNPHU axxxxbA366C1 aAlegría, Ricardo E.10aCristóbal Colón y el tesoro de los indios taínos de la Española /cRicardo E. Alegría. aSanto Domingo :bFundación García Arévalo,c1980. a48 p. :bil. ;c18 cm. aBibliografía : p. 44-46